000 00308nam a22001337a 4500
008 170713b xxu||||| |||| 00| 0 eng d
020 _a0812025229
041 _aeng
080 _22ND
_a038
100 _a23
101 _aFJA
245 _aDICTIONARY OF FINANCE INVESTMENT TERMS
_cDOWNES,J
942 _2udc
_cBK
999 _c20398
_d20398